| 000 | 00745cam a2200241 a 4500 | ||
|---|---|---|---|
| 001 | 25935 | ||
| 003 | BD-RjUL | ||
| 005 | 20211209050940.0 | ||
| 008 | 140319s1960 enk 000 0 eng d | ||
| 035 | _a(BD-RjUL)26005 | ||
| 040 |
_aEQO _beng _cBD-RjUL _dBD-RjUL |
||
| 041 | _aeng | ||
| 082 |
_a950 _bFAR 1960 |
||
| 245 | 0 | 0 |
_aFar Eastern affairs : _bnumber two / _cedited by G. F. Hudson |
| 260 |
_aLondon : _bChatto & Windus, _c1960. |
||
| 300 |
_a139 p. ; _c22 cm |
||
| 490 | 1 |
_aSt. Antony's papers (London, England) ; _vno. 7 |
|
| 651 | 0 |
_aAsia _xPolitics and government _979681 |
|
| 830 | 0 |
_vno. 7 _979691 |
|
| 700 | 1 |
_aHudson, Geoffrey Francis, _d1903- _979683 |
|
| 830 | 0 |
_aSt. Antony's papers (London, England) ; _917323 |
|
| 942 |
_2ddc _cBK |
||
| 999 |
_c25935 _d25935 |
||